Statistiques concernant Les plus gros transferts(départs) du MHSC

Cliquez ici pour prendre le quiz!

Statistiques générales

  • Ce quiz a été pris 151 fois
  • Le résultat moyen est 9 sur 20

Statistiques - réponses

Montant - AnnéeJoueur% Correct
12M - 2012Olivier Giroud
96%
10M - 2021Andy Delort
80%
15M - 2021Gaëtan Laborde
80%
10M - 2014Rémy Cabella
77%
10M - 2013Younès Belhanda
70%
13.5M - 2019Benjamin Lecomte
62%
16M - 2018Nordi Mukiele
59%
8M - 2019Ruben Aguilar
43%
8M - 2012Mapou Yanga Mbiwa
42%
12M - 2016Morgan Sanson
42%
13M - 2017Steve Mounié
39%
5.9M - 2014Benjamin Stambouli
37%
5M - 2018Jérôme Roussillon
34%
7M - 2017Ryad Boudebouz
32%
12.5M - 2019Isaac Mbenza
30%
6M - 2014Ellyes Skhiri
29%
6.5M - 2010Tino Costa
15%
6.5m - 2010Victor Hugo Montano
14%
6.75M - 1998Ibrahima Bakayoko
6%
6.5M - 2000Philippe Delaye
2%

Distribution des résultats

Percentile par nombre de réponses

% des personnes avec chaque résultat

Votre développement - résultats

Vous n’avez pas pris ce quiz